| 000 | 01390cam a2200433 4500 | ||
|---|---|---|---|
| 003 | PE-LiUPU | ||
| 005 | 20250731173107.0 | ||
| 020 | _a0310441919 | ||
| 035 | _a(Sirsi) i9780310441915 | ||
| 035 | _a(Sirsi) 25928 | ||
| 035 | _a(Sirsi) 25928 | ||
| 041 | _aen | ||
| 044 | _aus | ||
| 082 | 0 | 4 |
_a232.901 _bS78 |
| 100 | 1 |
_aStalker, James _c1848-1927 |
|
| 245 | 1 | 4 |
_aThe life of Jesus Christ / _cJames Stalker. |
| 264 | 1 |
_aGrand Rapids, Michigan : _bZondervan Publishing House, _c1983. |
|
| 300 |
_a159 páginas ; _c20 cm. |
||
| 490 | 0 | _aAcademic Books | |
| 504 | _aIncluye bibliografía | ||
| 505 | 0 | _aThe brith, infancy, and youth of Jesus -- The nation and the time -- The final stages of his preparation -- The year of obscurity -- The year of public favor -- The year of opposition. The end. | |
| 526 | _aSEG42 | ||
| 526 | _aSEG41 | ||
| 526 | _aSEG40 | ||
| 526 | _aSEG39 | ||
| 526 | _aP94 | ||
| 526 | _aP87 | ||
| 526 | _aP86 | ||
| 526 | _aP85 | ||
| 526 | _aP77 | ||
| 526 | _aP76 | ||
| 526 | _aP35 | ||
| 600 | 0 | _aJesucristo. | |
| 942 |
_2ddc _cBOOK |
||
| 949 |
_a232.901 S78 _i49503 _lPOSTGRADO _mBUL _tLIBRO _o.STAFF. Posgrado |
||
| 910 | _ahf-aj | ||
| 596 | _a1 | ||
| 999 |
_a232.901 S78 _wDEWEY _c30349 _i49503 _f2021-11-11 _g5 _lCCODEBUL1 _mBUL _r0 _sY _tBOOK _u2015-6-24 _xTEOLOGIA _PP35 _0COMPRA _o.STAFF. Colección General _d30349 |
||
| 980 |
_81 _gALBERTO SANCHEZ Responsable de Automatización |
||